| 000 | 01254nam a2200253 a 4500 | ||
|---|---|---|---|
| 001 | BRCA_2157 | ||
| 005 | 20190320203707.0 | ||
| 008 | 931112s1992 mx-a---##b---s100-0#spa-# | ||
| 020 | _a9686608249 | ||
| 040 |
_aDLC _cDLC _dDLC |
||
| 050 | 4 |
_aN6550 _b.R44 1989 |
|
| 245 | 1 | 0 |
_aRegionalización en el arte _bteoría y praxis : Coloquio Internacional de Historia del Arte _ccompiladores José Guadalupe Victoria, Elisa Vargas Lugo y María Teresa Uriarte ; con la participación de Rita Eder ... [et al.]. |
| 260 |
_aMéxico _bGobierno del Estado de Sinaloa : UNAM, Instituto de Investigaciones Estéticas _c1992 |
||
| 300 |
_a267 p. _bil. (algunas a color) _c30 cm. |
||
| 500 | _aProcedimientos del arte en el Coloquio Internacional de Historia (Culiacán), organizado por la Dirección de Investigación y Fomento de Cultura Regional, 1989 | ||
| 504 | _aIncluye referencias bibliográficas | ||
| 611 | 2 | 4 |
_aColoquio Internacional de Historia del Arte _d1989 _cCuliacán, México _96504 |
| 650 | 1 | 4 |
_aRegionalismo en el arte _vCongresos _zMéxico _96505 |
| 650 | 1 | 4 |
_aArte comparativo _vCongresos _96506 |
| 700 | 1 |
_aVictoria, José Guadalupe _93217 |
|
| 700 | 1 |
_aVargas Lugo de Bosch, Elisa _9656 |
|
| 700 | 1 |
_aUriarte, María Teresa _96507 |
|
| 942 |
_2lcc _cB |
||
| 999 |
_c1914 _d1914 |
||